00865nam a22002177a 450000500170000001000150001702000260003203500140005803700130007208200080008510000190009324501540011226000400026627000780030630000260038450000450041070000300045594200220048599900190050795201210052620180516103621.0 aENG-123030 a9788193339534c800.00 aEN-106562 bDBAD/PUB a530 aGhosh, Ranajit aRudiments of physics :bby Ranajit Ghosh [and] Ashit Kumar Chakrabortycfor NEET, JEE, AIIMS, IISER, AFMC, WBJEE and othr competitive examinations / aKolkata bAcademic Publishersc2018 a5A, Bhawani Dutta Lane, bKolkata e700073mcontact@academicpublishers.in axx, 1504pc25cm.(pbk) aIt include mock test papers and appendix aChakraborty, Ashit Kumar  2ddccENh530mGHO c152088d152088 001040718NFICaDBADbBL1d2018-05-16eDBAD/PUBg800.00l0o530 GHOpEN-106562r2018-05-16 00:00:00t1v800.00yEN